000 00323 a2200157 4500
001 57577
020 _a8532245129
040 _cAnchieta - Pituba
100 _aBonjorno, José Roberto
240 1 0 _aMatemática
_lpor
245 1 0 _aMatemática
300 _a430
362 0 _a2000
650 4 _aMatemática
942 _cBK
999 _c57577
_d57577